Départements de France - Statistiques

Statistiques générales
  • Ce quiz a été pris 260 fois
  • Le résultat moyen est 64 sur 96
Réponses sur la Carte
Les réponses sont colorées sur une échelle allant du rouge au vert en fonction du pourcentage des utilisateurs qui les ont devinées à leur premier essai. Vous pouvez retrouver ces pourcentages ci-dessous.
 
Statistiques - réponses
Departement Prefecture % Correct
Loire Saint-Étienne
90%
Nord Lille
90%
Finistère Quimper
89%
Paris Paris
82%
Ain Bourg-en-Bresse
81%
Corse-du-Sud Ajaccio
80%
Haute-Corse Bastia
80%
Gironde Bordeaux
79%
Haut-Rhin Colmar
79%
Bas-Rhin Strasbourg
78%
Var Toulon
76%
Aisne Laon
75%
Manche Saint-Lô
75%
Pas-de-Calais Arras
75%
Alpes-Maritimes Nice
74%
Charente Angoulême
74%
Côtes-d'Armor Saint-Brieuc
74%
Morbihan Vannes
74%
Rhône Lyon
74%
Vendée La Roche-sur-Yon
74%
Hérault Montpellier
73%
Charente-Maritime La Rochelle
72%
Hautes-Alpes Gap
72%
Haute-Savoie Annecy
72%
Savoie Chambéry
72%
Bouches-du-Rhône Marseille
71%
Calvados Caen
71%
Gard Nîmes
71%
Loire-Atlantique Nantes
71%
Seine-Saint-Denis Bobigny
71%
Eure Évreux
70%
Moselle Metz
70%
Pyrénées-Atlantiques Pau
70%
Loiret Orléans
69%
Allier Moulins
68%
Cher Bourges
68%
Ille-et-Vilaine Rennes
68%
Pyrénées-Orientales Perpignan
68%
Yvelines Versailles
68%
Seine-et-Marne Melun
67%
Seine-Maritime Rouen
67%
Ardèche Privas
66%
Ardennes Charleville-Mézières
66%
Creuse Guéret
66%
Drôme Valence
66%
Jura Lons-le-Saunier
66%
Landes Mont-de-Marsan
66%
Loir-et-Cher Blois
66%
Oise Beauvais
66%
Somme Amiens
66%
Aveyron Rodez
65%
Corrèze Tulle
65%
Doubs Besançon
65%
Eure-et-Loir Chartres
65%
Indre Châteauroux
65%
Meurthe-et-Moselle Nancy
65%
Territoire de Belfort Belfort
65%
Aude Carcassonne
64%
Cantal Aurillac
64%
Indre-et-Loire Tours
64%
Aube Troyes
63%
Côte-d'Or Dijon
63%
Dordogne Périgueux
63%
Essonne Évry-Courcouronnes
62%
Isère Grenoble
62%
Mayenne Laval
62%
Vaucluse Avignon
62%
Gers Auch
61%
Hauts-de-Seine Nanterre
61%
Sarthe Le Mans
61%
Alpes-de-Haute-Provence Digne-les-Bains
60%
Marne Châlons-en-Champagne
60%
Val-d'Oise Pontoise
60%
Vienne Poitiers
60%
Vosges Épinal
60%
Haute-Vienne Limoges
59%
Lot Cahors
59%
Tarn Albi
59%
Val-de-Marne Créteil
59%
Haute-Garonne Toulouse
58%
Haute-Loire Le Puy-en-Velay
58%
Ariège Foix
57%
Hautes-Pyrénées Tarbes
57%
Lot-et-Garonne Agen
57%
Meuse Bar-le-Duc
57%
Orne Alençon
57%
Deux-Sèvres Niort
56%
Lozère Mende
56%
Maine-et-Loire Angers
55%
Puy-de-Dôme Clermont-Ferrand
55%
Tarn-et-Garonne Montauban
55%
Yonne Auxerre
54%
Nièvre Nevers
52%
Saône-et-Loire Mâcon
52%
Haute-Saône Vesoul
50%
Haute-Marne Chaumont
49%
Aucun quiz correspondant
Distribution des résultats
% des personnes avec chaque résultat
Percentile par nombre de réponses
Votre historique - résultats
Vous n’avez pas pris ce quiz